[Event "UK Armed Forces ch"]
[Site "Wittering"]
[Date "2023.04.14"]
[Round "1.26"]
[White "Nelder, Alan J"]
[Black "Couchman, Amy"]
[Result "1-0"]
[WhiteElo "1596"]
[BlackElo "487"]
[PlyCount "83"]
[EventDate "2023.04.14"]
[EventType "swiss"]
[EventRounds "7"]
[EventCountry "ENG"]
[SourceVersionDate "2023.04.22"]

1. e4 e5 2. Nf3 Bc5 3. c3 d6 4. Bc4 Nf6 5. O-O Nc6 6. d4 Bb6 7. dxe5 Nxe4 8.
exd6 O-O 9. dxc7 Bxc7 10. Qxd8 Rxd8 11. Be3 Na5 12. Bb5 Be6 13. Nbd2 Nf6 14.
Rad1 Rd5 15. Be2 Rad8 16. Ng5 Bf5 17. b4 Nc6 18. Bc4 R5d7 19. Bb3 Be5 20. c4 a5
21. Bb6 Re8 22. Ndf3 Rde7 23. b5 Nb4 24. c5 h6 25. Nxf7 Bc3 26. Nd6+ Kh7 27.
Nxe8 Rxe8 28. Bxa5 Re4 29. a3 b6 30. Bxb6 Ng4 31. axb4 Rxb4 32. Bd5 Bc2 33. Rc1
Rb2 34. c6 Ne5 35. Nxe5 Bxe5 36. c7 Bf5 37. Be4 Rc2 38. Bxf5+ g6 39. Rxc2 gxf5
40. c8=Q Kg6 41. h4 Kh5 42. Qe8+ 1-0

[Event "UK Armed Forces ch"]
[Site "Wittering"]
[Date "2023.04.14"]
[Round "2.1"]
[White "Onley, David E"]
[Black "Knipe, Matthew"]
[Result "1-0"]
[WhiteElo "2174"]
[BlackElo "1654"]
[PlyCount "51"]
[EventDate "2023.04.14"]
[EventType "swiss"]
[EventRounds "7"]
[EventCountry "ENG"]
[SourceVersionDate "2023.04.22"]

1. e4 c6 2. d4 d5 3. exd5 cxd5 4. Bd3 Nc6 5. c3 g6 6. h3 Bg7 7. Nf3 Nh6 8. O-O
O-O 9. Re1 Re8 10. Qb3 Kh8 11. Ne5 Nxe5 12. dxe5 Qc7 13. Qxd5 Be6 14. Qf3 Bf5
15. Bf1 Rad8 16. Na3 a6 17. Bf4 Be6 18. Nc2 Qc5 19. Nd4 Qd5 20. Qe2 Bd7 21. a3
Nf5 22. Rad1 Nxd4 23. Rxd4 Qc6 24. Red1 e6 25. Qd2 Re7 26. Bg5 1-0

[Event "UK Armed Forces ch"]
[Site "Wittering"]
[Date "2023.04.14"]
[Round "2.2"]
[White "Woodrough, Thomas"]
[Black "Tenin, Aleksander"]
[Result "0-1"]
[WhiteElo "1600"]
[BlackElo "2072"]
[PlyCount "66"]
[EventDate "2023.04.14"]
[EventType "swiss"]
[EventRounds "7"]
[EventCountry "ENG"]
[SourceVersionDate "2023.04.22"]

1. e4 e5 2. Nc3 Bc5 3. Bc4 Qf6 4. Nf3 Ne7 5. O-O d6 6. d3 Bg4 7. Bg5 Bxf3 8.
Qxf3 Qxg5 9. Qxf7+ Kd8 10. Nd5 Nxd5 11. Bxd5 Nc6 12. Rad1 Qf6 13. c3 Qxf7 14.
Bxf7 Rf8 15. Be6 Rf6 16. Bd5 Ne7 17. d4 Nxd5 18. dxc5 Nf4 19. cxd6 Rxd6 20.
Rxd6+ cxd6 21. g3 Nh3+ 22. Kg2 Ng5 23. f3 Ke7 24. h4 Ne6 25. f4 Nc5 26. fxe5
dxe5 27. Rf3 Rd8 28. b4 Rd2+ 29. Kg1 Nxe4 30. Re3 Nd6 31. Rxe5+ Kf6 32. Ra5 a6
33. a4 Rd3 0-1

[Event "UK Armed Forces ch"]
[Site "Wittering"]
[Date "2023.04.14"]
[Round "2.3"]
[White "Treasurer, John"]
[Black "Nelder, Alan J"]
[Result "1/2-1/2"]
[WhiteElo "2066"]
[BlackElo "1596"]
[Annotator "Thurlow, Kevin J"]
[PlyCount "95"]
[EventDate "2023.04.14"]
[EventType "swiss"]
[EventRounds "7"]
[EventCountry "ENG"]
[SourceVersionDate "2023.04.22"]

1. d4 g6 2. c4 Nf6 3. Nc3 Bg7 4. e4 d6 5. Nf3 c6 6. Be2 Qc7 7. O-O Nbd7 8. Ne1
e5 9. d5 Nc5 10. f3 Qb6 11. Kh1 Bd7 12. Rb1 a5 13. Be3 Qd8 14. a3 a4 15. Nd3
cxd5 16. Nxc5 dxc5 17. Nxd5 b6 18. b4 axb3 19. Nxf6+ Qxf6 20. Qxb3 Ra6 21. Qd3
Ba4 22. Bd1 O-O 23. Bxa4 Rxa4 24. Qb3 Ra6 25. Qc3 Rfa8 26. Rb3 Qe6 27. Rd1 Ra4
28. Rd5 f5 29. Qb2 fxe4 30. Rxb6 Qf5 31. Rb8+ Rxb8 32. Qxb8+ Bf8 33. Rxe5 Qd7
34. Rd5 Qg7 35. fxe4 Qa1+ 36. Bg1 Rxc4 37. Qb3 Rc1 38. Rd1+ c4 39. Qxc4+ Rxc4
40. Rxa1 Rxe4 41. a4 Bg7 42. Ra3 Re1 43. Re3 Rd1 44. Re4 Bf8 45. Rc4 Bh6 46.
Re4 Bf8 47. Rc4 Bh6 48. Re4 {A really interesting game} 1/2-1/2

[Event "UK Armed Forces ch"]
[Site "Wittering"]
[Date "2023.04.14"]
[Round "2.4"]
[White "Woolf, Ben"]
[Black "Parker, Glen D"]
[Result "0-1"]
[WhiteElo "1596"]
[BlackElo "2053"]
[PlyCount "96"]
[EventDate "2023.04.14"]
[EventType "swiss"]
[EventRounds "7"]
[EventCountry "ENG"]
[SourceVersionDate "2023.04.22"]

1. e4 e5 2. Nc3 Nc6 3. Bc4 Nf6 4. d3 Bb4 5. Nge2 d5 6. exd5 Nxd5 7. O-O Be6 8.
Nxd5 Bxd5 9. Bxd5 Qxd5 10. Bd2 Bxd2 11. Qxd2 O-O-O 12. Nc3 Qd7 13. Rae1 Rhe8
14. Re3 f5 15. Rfe1 f4 16. Re4 f3 17. gxf3 Nd4 18. Kg2 Qf5 19. Qd1 Re6 20. Rg4
Rf8 21. Rg3 h5 22. Nd5 h4 23. Ne3 Qf7 24. Rh3 Rg6+ 25. Ng4 Nxf3 26. Qxf3 Qxf3+
27. Rxf3 Rxg4+ 28. Kh3 Rxf3+ 29. Kxg4 Rxf2 30. h3 Rxc2 31. Rxe5 Rxb2 32. Kxh4
Rxa2 33. Rg5 Rd2 34. Rxg7 Rxd3 35. Rg8+ Kd7 36. Rg7+ Kd6 37. Rg8 Kc6 38. Rg6+
Rd6 39. Rg4 b5 40. Kg5 a5 41. h4 b4 42. Rc4+ Kb6 43. h5 b3 44. Rc1 a4 45. h6
Rxh6 46. Kxh6 b2 47. Rb1 a3 48. Kg5 Ka5 0-1

[Event "UK Armed Forces ch"]
[Site "Wittering"]
[Date "2023.04.14"]
[Round "2.5"]
[White "Wells, Daniel J"]
[Black "Buckingham, Michael J"]
[Result "1-0"]
[WhiteElo "2042"]
[BlackElo "1567"]
[PlyCount "31"]
[EventDate "2023.04.14"]
[EventType "swiss"]
[EventRounds "7"]
[EventCountry "ENG"]
[SourceVersionDate "2023.04.22"]

1. e4 c5 2. Nf3 d6 3. d4 cxd4 4. Nxd4 Nf6 5. Nc3 a6 6. Bg5 e6 7. f4 Be7 8. Qf3
Qc7 9. O-O-O Nbd7 10. g4 b5 11. Bxf6 gxf6 12. f5 e5 13. Nd5 Qa5 14. Nc6 Qxa2
15. Ncxe7 Kd8 16. Nc6+ 1-0

[Event "UK Armed Forces ch"]
[Site "Wittering"]
[Date "2023.04.14"]
[Round "2.6"]
[White "Turvey, Adam"]
[Black "Thurlow, Kevin J"]
[Result "0-1"]
[WhiteElo "1562"]
[BlackElo "2009"]
[PlyCount "64"]
[EventDate "2023.04.14"]
[EventType "swiss"]
[EventRounds "7"]
[EventCountry "ENG"]
[SourceVersionDate "2023.04.22"]

1. d4 Nf6 2. Bf4 e6 3. e3 c5 4. c3 Nc6 5. Nf3 d5 6. Nbd2 Bd6 7. Bg3 O-O 8. Bd3
Qc7 9. Ng5 h6 10. Bxd6 Qxd6 11. h4 e5 12. f3 cxd4 13. e4 dxc3 14. bxc3 Qc5 15.
Qe2 Qxc3 16. O-O Nd4 17. Qd1 Qxd3 18. Nh3 Qe3+ 19. Kh1 Bxh3 20. gxh3 Nh5 21.
Qe1 Qxe1 22. Rfxe1 Nc2 23. exd5 Nxa1 24. Rxa1 Rfd8 25. d6 Rxd6 26. Ne4 Rd3 27.
Kg2 Nf4+ 28. Kg3 Rc8 29. Rg1 f5 30. Nf2 Rd2 31. Re1 Rc5 32. Rb1 Rcc2 0-1

[Event "UK Armed Forces ch"]
[Site "Wittering"]
[Date "2023.04.14"]
[Round "2.7"]
[White "Tucker, David S"]
[Black "Blair, Jimmy"]
[Result "1-0"]
[WhiteElo "2000"]
[BlackElo "1509"]
[PlyCount "49"]
[EventDate "2023.04.14"]
[EventType "swiss"]
[EventRounds "7"]
[EventCountry "ENG"]
[SourceVersionDate "2023.04.22"]

1. e4 b6 2. d4 Bb7 3. Bd3 g6 4. c3 d6 5. f4 Bg7 6. Nf3 Nd7 7. O-O e6 8. Qc2 Ne7
9. Be3 O-O 10. Nbd2 f5 11. Ng5 Rf6 12. e5 Rf7 13. Nxf7 Kxf7 14. exd6 Nd5 15.
dxc7 Qxc7 16. Rae1 N7f6 17. Nf3 Ng4 18. Ng5+ Ke7 19. Bd2 Bc8 20. h3 h6 21. Nxe6
Bxe6 22. hxg4 Rf8 23. gxf5 gxf5 24. Bxf5 Rf6 25. Bxe6 1-0

[Event "UK Armed Forces ch"]
[Site "Wittering"]
[Date "2023.04.14"]
[Round "2.8"]
[White "Rossetti, Oliver"]
[Black "Graham, Frazer"]
[Result "0-1"]
[WhiteElo "1500"]
[BlackElo "1967"]
[PlyCount "70"]
[EventDate "2023.04.14"]
[EventType "swiss"]
[EventRounds "7"]
[EventCountry "ENG"]
[SourceVersionDate "2023.04.22"]

1. d4 d5 2. c4 e6 3. Nc3 Be7 4. Bf4 Nf6 5. Nf3 O-O 6. e3 b6 7. cxd5 Nxd5 8. Bd3
Nxf4 9. exf4 Bb7 10. f5 exf5 11. Bxf5 Bf6 12. Qc2 Re8+ 13. Ne2 g6 14. O-O-O
gxf5 15. Ne5 Be4 16. Qb3 Bxe5 17. dxe5 Qg5+ 18. f4 Qe7 19. Rd4 Nc6 20. Rc4 Na5
21. Qg3+ Kh8 22. Rc3 Rad8 23. Qe1 Nb7 24. Ng3 Nc5 25. Nxe4 fxe4 26. Qe2 Rd3 27.
Rc2 a5 28. g4 Red8 29. g5 Qe6 30. Kb1 Qf5 31. Rf1 e3 32. Ka1 Rd2 33. Rxd2 exd2
34. Rd1 Qc2 35. Rb1 d1=Q 0-1

[Event "UK Armed Forces ch"]
[Site "Wittering"]
[Date "2023.04.14"]
[Round "2.9"]
[White "Portman, Carl S"]
[Black "Simpson, Jack"]
[Result "1/2-1/2"]
[WhiteElo "1930"]
[BlackElo "1500"]
[PlyCount "99"]
[EventDate "2023.04.14"]
[EventType "swiss"]
[EventRounds "7"]
[EventCountry "ENG"]
[SourceVersionDate "2023.04.22"]

1. d4 Nf6 2. Bg5 g6 3. Bxf6 exf6 4. e3 Bg7 5. Nf3 O-O 6. c4 d6 7. Nc3 Bg4 8.
Be2 c5 9. O-O Nc6 10. h3 Bxf3 11. Bxf3 f5 12. Bxc6 bxc6 13. dxc5 dxc5 14. Qc2
Re8 15. Rfd1 Qc7 16. Rd3 Rad8 17. Rad1 Rxd3 18. Qxd3 Bf6 19. Qd6 Qxd6 20. Rxd6
Bxc3 21. bxc3 Re4 22. Rxc6 Rxc4 23. Ra6 Rxc3 24. Rxa7 Rc1+ 25. Kh2 c4 26. a4 c3
27. a5 c2 28. Rc7 Ra1 29. Rxc2 Rxa5 30. g4 fxg4 31. hxg4 Kg7 32. Kg3 Ra4 33.
Rc5 h6 34. f3 Ra7 35. f4 Re7 36. Kf3 f6 37. e4 g5 38. e5 gxf4 39. exf6+ Kxf6
40. Kxf4 Re6 41. Rc8 Kg6 42. Rc5 Rf6+ 43. Kg3 Rd6 44. Kh4 Rf6 45. Rc8 Rf1 46.
Rc6+ Rf6 47. Rxf6+ Kxf6 48. Kh5 Kg7 49. g5 hxg5 50. Kxg5 1/2-1/2

[Event "UK Armed Forces ch"]
[Site "Wittering"]
[Date "2023.04.14"]
[Round "2.10"]
[White "Chapman, Chas"]
[Black "Kelly, Richard"]
[Result "0-1"]
[WhiteElo "1499"]
[BlackElo "1845"]
[PlyCount "57"]
[EventDate "2023.04.14"]
[EventType "swiss"]
[EventRounds "7"]
[EventCountry "ENG"]
[SourceVersionDate "2023.04.22"]

1. e4 e6 2. Nc3 d5 3. exd5 exd5 4. d4 Bb4 5. g3 Nf6 6. Nf3 O-O 7. Bg2 Re8+ 8.
Ne5 Bxc3+ 9. bxc3 Ng4 10. O-O Nxe5 11. dxe5 Rxe5 12. f4 Re8 13. Bxd5 c6 14. Bb3
Qb6+ 15. Kg2 Nd7 16. Re1 Nf6 17. Bb2 Bg4 18. Qd4 c5 19. Qa4 Bd7 20. Qc4 Qc6+
21. Kg1 Be6 22. Rxe6 Rxe6 23. f5 b5 24. Qf1 Rd6 25. c4 b4 26. Re1 Re8 27. Rxe8+
Qxe8 28. c3 Qe3+ 29. Qf2 0-1

[Event "UK Armed Forces ch"]
[Site "Wittering"]
[Date "2023.04.14"]
[Round "2.12"]
[White "Cooper, Liam"]
[Black "Barnes, David"]
[Result "0-1"]
[WhiteElo "1463"]
[BlackElo "1789"]
[PlyCount "68"]
[EventDate "2023.04.14"]
[EventType "swiss"]
[EventRounds "7"]
[EventCountry "ENG"]
[SourceVersionDate "2023.04.22"]

1. d4 c5 2. Nf3 g6 3. Bf4 Bg7 4. e3 Qb6 5. b3 Nc6 6. c3 d5 7. dxc5 Qxc5 8. Qd2
Nf6 9. Bd3 O-O 10. O-O Re8 11. b4 Qb6 12. a4 e5 13. a5 Qc7 14. Bg3 Nh5 15. e4
Nxg3 16. fxg3 dxe4 17. Bxe4 Be6 18. Qf2 Rad8 19. Ng5 Bc4 20. Qxf7+ Bxf7 21.
Rxf7 Qxf7 22. Nxf7 Rd1+ 23. Kf2 Kxf7 24. Bc2 Rc1 25. Ra2 e4 26. Ke3 Bh6+ 27.
Ke2 Kf6 28. Na3 e3 29. Nc4 Rg1 30. Nd6 Rxg2+ 31. Kf3 Rf2+ 32. Kg4 Re7 33. Ne4+
Rxe4+ 34. Bxe4 Rxa2 0-1

[Event "UK Armed Forces ch"]
[Site "Wittering"]
[Date "2023.04.14"]
[Round "2.13"]
[White "Hill, Thomas"]
[Black "Dray-Pearce, Tristan"]
[Result "1/2-1/2"]
[WhiteElo "1450"]
[BlackElo "1766"]
[PlyCount "74"]
[EventDate "2023.04.14"]
[EventType "swiss"]
[EventRounds "7"]
[EventCountry "ENG"]
[SourceVersionDate "2023.04.22"]

1. e4 e6 2. d4 d5 3. exd5 exd5 4. Nc3 c6 5. Bf4 Bf5 6. Qe2+ Qe7 7. Qxe7+ Bxe7
8. O-O-O Nf6 9. Re1 Kd8 10. Bc7+ Kd7 11. Nf3 Bb4 12. Be5 Bxc3 13. bxc3 Ne8 14.
Bxb8 Rxb8 15. Ne5+ Kc7 16. Nxf7 Rf8 17. Ng5 h6 18. Ne6+ Bxe6 19. Rxe6 Kd7 20.
Re2 Nd6 21. f3 Nf5 22. Re5 Rbe8 23. Kd2 Rxe5 24. dxe5 g5 25. g3 Ng7 26. Bh3+
Ne6 27. Ke3 h5 28. Bxe6+ Kxe6 29. f4 gxf4+ 30. gxf4 Rg8 31. Kf3 Kf5 32. h3 h4
33. Re1 Rg3+ 34. Kf2 Kxf4 35. e6 Rg8 36. Rg1 Re8 37. Rg7 Rxe6 1/2-1/2

[Event "UK Armed Forces ch"]
[Site "Wittering"]
[Date "2023.04.14"]
[Round "2.14"]
[White "Collins, Nigel"]
[Black "Millener, Richard P"]
[Result "1/2-1/2"]
[WhiteElo "1446"]
[BlackElo "1740"]
[PlyCount "47"]
[EventDate "2023.04.14"]
[EventType "swiss"]
[EventRounds "7"]
[EventCountry "ENG"]
[SourceVersionDate "2023.04.22"]

1. c4 e5 2. Nc3 Nc6 3. g3 f5 4. Bg2 Nf6 5. e4 d6 6. Nge2 g6 7. O-O Bg7 8. d3
O-O 9. f4 Be6 10. Nd5 Qd7 11. Rb1 a5 12. a4 Rae8 13. b3 fxe4 14. dxe4 Bg4 15.
Qd3 Bxe2 16. Qxe2 Nd4 17. Nxf6+ Bxf6 18. Qd3 c5 19. Be3 Kg7 20. Bxd4 exd4 21.
Rbe1 Bd8 22. Bf3 Rf6 23. Re2 Ref8 24. Ref2 1/2-1/2

[Event "UK Armed Forces ch"]
[Site "Wittering"]
[Date "2023.04.14"]
[Round "2.15"]
[White "Morrison, Munroe L"]
[Black "Lavender, Lee"]
[Result "1/2-1/2"]
[WhiteElo "1704"]
[BlackElo "1437"]
[PlyCount "45"]
[EventDate "2023.04.14"]
[EventType "swiss"]
[EventRounds "7"]
[EventCountry "ENG"]
[SourceVersionDate "2023.04.22"]

1. d4 d5 2. e3 c5 3. c3 Nc6 4. Bd3 Nf6 5. Nd2 e5 6. dxe5 Nxe5 7. Be2 c4 8. Ndf3
Bd6 9. Nxe5 Bxe5 10. Nf3 Bc7 11. Qd4 O-O 12. Qh4 Ne4 13. Qxd8 Rxd8 14. Nd4 Bd7
15. O-O b5 16. f3 Nd6 17. b3 Bb6 18. g4 f5 19. h3 Rac8 20. Ba3 Bc5 21. Bxc5
Rxc5 22. b4 Rc7 23. Bd1 1/2-1/2

[Event "UK Armed Forces ch"]
[Site "Wittering"]
[Date "2023.04.14"]
[Round "2.16"]
[White "Murray, Thomas"]
[Black "Ross, David C (Snr)"]
[Result "0-1"]
[WhiteElo "1437"]
[BlackElo "1695"]
[PlyCount "72"]
[EventDate "2023.04.14"]
[EventType "swiss"]
[EventRounds "7"]
[EventCountry "ENG"]
[SourceVersionDate "2023.04.22"]

1. d4 Nf6 2. Nf3 c5 3. dxc5 Nc6 4. e3 e6 5. a3 Bxc5 6. Bd3 d5 7. O-O Bd7 8. b4
Bd6 9. Bb2 Qc7 10. Bxf6 gxf6 11. Nbd2 Ne5 12. Nxe5 Bxe5 13. f4 Bxa1 14. Qxa1 e5
15. c4 O-O-O 16. cxd5 Qd6 17. e4 Qb6+ 18. Kh1 Bb5 19. Rc1+ Kb8 20. Bxb5 Qxb5
21. fxe5 Qe2 22. Rd1 Rhg8 23. g3 Rc8 24. Qb1 fxe5 25. Qb3 f6 26. Qf3 Qxf3+ 27.
Nxf3 Rc3 28. Kg2 Rxa3 29. Nd2 Rd3 30. Kf2 Rc8 31. Ke2 Rd4 32. b5 Rc2 33. h4 Rb2
34. g4 Rxe4+ 35. Kf3 Rd4 36. d6 Rbxd2 0-1

[Event "UK Armed Forces ch"]
[Site "Wittering"]
[Date "2023.04.14"]
[Round "2.17"]
[White "O'Byrne, Danny"]
[Black "Lock, Benedict"]
[Result "1-0"]
[WhiteElo "1682"]
[BlackElo "1200"]
[PlyCount "47"]
[EventDate "2023.04.14"]
[EventType "swiss"]
[EventRounds "7"]
[EventCountry "ENG"]
[SourceVersionDate "2023.04.22"]

1. e4 c5 2. Nf3 d6 3. d4 Nf6 4. Nc3 Bg4 5. Bb5+ Nbd7 6. dxc5 a6 7. Bxd7+ Qxd7
8. cxd6 exd6 9. O-O Qe6 10. Re1 O-O-O 11. Re3 g6 12. Qd4 Bh6 13. Rd3 Bxc1 14.
Rxc1 Bxf3 15. Rxf3 Ng4 16. Nd5 f5 17. h3 Qxe4 18. Qxe4 fxe4 19. Rc3+ Kd7 20.
hxg4 Rhf8 21. f3 Rde8 22. f4 b5 23. Rd1 Rc8 24. Nb6+ 1-0

[Event "UK Armed Forces ch"]
[Site "Wittering"]
[Date "2023.04.14"]
[Round "2.19"]
[White "Glover, John"]
[Black "Cooney, Jack"]
[Result "0-1"]
[WhiteElo "1656"]
[BlackElo "1130"]
[PlyCount "62"]
[EventDate "2023.04.14"]
[EventType "swiss"]
[EventRounds "7"]
[EventCountry "ENG"]
[SourceVersionDate "2023.04.22"]

1. Nf3 c6 2. e3 d5 3. c4 Nf6 4. Be2 g6 5. O-O Bg7 6. Nc3 O-O 7. d4 Nbd7 8. cxd5
cxd5 9. Bd2 Re8 10. Rc1 Nb6 11. b3 Bf5 12. Re1 a6 13. Nb1 Rc8 14. Ba5 Qd6 15.
Rxc8 Rxc8 16. Bd3 Nbd7 17. Bxf5 gxf5 18. Bc3 Ne4 19. Bb2 Kh8 20. Re2 Rg8 21. g3
Bf6 22. Rc2 f4 23. exf4 Qxf4 24. Kh1 Qf5 25. Qe2 Nf8 26. Ne5 Bxe5 27. dxe5 Ne6
28. Nc3 Nd4 29. Nxe4 Nxe2 30. e6+ f6 31. Rxe2 dxe4 0-1

[Event "UK Armed Forces ch"]
[Site "Wittering"]
[Date "2023.04.14"]
[Round "2.20"]
[White "Foulds, Andrew"]
[Black "Sherpa, Ngadi"]
[Result "1-0"]
[WhiteElo "1814"]
[BlackElo "1819"]
[PlyCount "81"]
[EventDate "2023.04.14"]
[EventType "swiss"]
[EventRounds "7"]
[EventCountry "ENG"]
[SourceVersionDate "2023.04.22"]

1. d4 c5 2. d5 e5 3. c4 a6 4. Nc3 d6 5. e4 h6 6. Be2 Be7 7. Nf3 Nf6 8. h3 Nh7
9. Bd2 O-O 10. Bd3 Ng5 11. Nxg5 Bxg5 12. Qc1 Bxd2+ 13. Qxd2 Qh4 14. O-O-O f5
15. g3 Qh5 16. exf5 Qe8 17. g4 Bd7 18. Ne4 b5 19. Nxd6 Qd8 20. Ne4 bxc4 21. Bc2
a5 22. Nxc5 Qb6 23. Qe3 Qd6 24. Rhe1 Rf7 25. Ne6 Na6 26. g5 c3 27. Qxe5 cxb2+
28. Kb1 Qxe5 29. Rxe5 a4 30. a3 Rc8 31. gxh6 gxh6 32. Rg1+ Kh8 33. Rg4 Rc3 34.
Re3 Rc8 35. Reg3 Bxe6 36. fxe6 Rfc7 37. Rh4 Rg7 38. Rxh6+ Kg8 39. Rxg7+ Kxg7
40. Rg6+ Kf8 41. e7+ 1-0

[Event "UK Armed Forces ch"]
[Site "Wittering"]
[Date "2023.04.14"]
[Round "2.21"]
[White "Robb-Jones, Miles"]
[Black "Harberd, Matthew"]
[Result "0-1"]
[WhiteElo "1235"]
[BlackElo "1323"]
[PlyCount "44"]
[EventDate "2023.04.14"]
[EventType "swiss"]
[EventRounds "7"]
[EventCountry "ENG"]
[SourceVersionDate "2023.04.22"]

1. e4 e6 2. d4 d5 3. exd5 exd5 4. c4 Nf6 5. Nf3 Bg4 6. h3 Bxf3 7. Qxf3 Nc6 8.
Be3 Bb4+ 9. Nc3 O-O 10. c5 Ne4 11. Rc1 a6 12. a3 Bxc3+ 13. bxc3 f5 14. c4 f4
15. cxd5 Qxd5 16. Bc4 Qxc4 17. Rxc4 fxe3 18. Qxe3 Nxf2 19. O-O Rae8 20. Qb3 Na5
21. Ra4+ Nxb3 22. Rxf2 Re1+ 0-1

[Event "UK Armed Forces ch"]
[Site "Wittering"]
[Date "2023.04.14"]
[Round "2.22"]
[White "Watson, Paul R"]
[Black "Bradley, Eric"]
[Result "1/2-1/2"]
[WhiteElo "1776"]
[BlackElo "1234"]
[PlyCount "42"]
[EventDate "2023.04.14"]
[EventType "swiss"]
[EventRounds "7"]
[EventCountry "ENG"]
[SourceVersionDate "2023.04.22"]

1. e4 d6 2. d4 Nf6 3. Nc3 Nbd7 4. Nf3 h6 5. Bc4 e5 6. dxe5 dxe5 7. O-O c6 8. a3
Qc7 9. h3 Be7 10. Be3 g5 11. Nh2 Nf8 12. Ng4 Bxg4 13. hxg4 Ng6 14. g3 Qd6 15.
Qe2 h5 16. Rad1 Qc7 17. Bxg5 Nxg4 18. Bxe7 Qxe7 19. Kg2 Qg5 20. Qf3 O-O 21. Rd6
Nf4+ 1/2-1/2

[Event "UK Armed Forces ch"]
[Site "Wittering"]
[Date "2023.04.14"]
[Round "2.23"]
[White "Fielding, Michael"]
[Black "Downey, Finlay"]
[Result "1-0"]
[WhiteElo "1743"]
[BlackElo "900"]
[PlyCount "59"]
[EventDate "2023.04.14"]
[EventType "swiss"]
[EventRounds "7"]
[EventCountry "ENG"]
[SourceVersionDate "2023.04.22"]

1. d4 e6 2. c4 c5 3. d5 d6 4. Nc3 e5 5. e4 f5 6. exf5 Bxf5 7. Bd3 Qf6 8. Nf3 h6
9. O-O Qg6 10. Nh4 Qf6 11. Nxf5 g6 12. Ng3 Nd7 13. Nge4 Qg7 14. Nb5 Kd8 15.
Nbxd6 Ngf6 16. Nxb7+ Kc8 17. Na5 h5 18. Qa4 Nb8 19. Nxf6 Qxf6 20. Qe8+ Kc7 21.
Qxg6 Nd7 22. Qxf6 Nxf6 23. Bg5 Nd7 24. Nc6 Kb7 25. Bf5 Nb6 26. b3 Bd6 27. Be7
Bc7 28. Be4 Rac8 29. Bxc5 Rh6 30. a4 1-0

[Event "UK Armed Forces ch"]
[Site "Wittering"]
[Date "2023.04.14"]
[Round "2.25"]
[White "Lucas-Divers, Zamira"]
[Black "O'Brien, Anthony"]
[Result "0-1"]
[WhiteElo "800"]
[BlackElo "1425"]
[PlyCount "50"]
[EventDate "2023.04.14"]
[EventType "swiss"]
[EventRounds "7"]
[EventCountry "ENG"]
[SourceVersionDate "2023.04.22"]

1. e4 e6 2. Bc4 d5 3. Nc3 dxc4 4. Nf3 c5 5. O-O Nf6 6. d3 Be7 7. dxc4 O-O 8.
Bf4 Nc6 9. Qe2 Qb6 10. e5 Nd7 11. Rab1 a6 12. b3 Qc7 13. Rbd1 Qa5 14. Na4 b5
15. Bg5 Bxg5 16. Nxg5 bxa4 17. Qh5 h6 18. Rb1 hxg5 19. f4 Qd2 20. Rf3 Nd4 21.
Rh3 f6 22. exf6 Nxf6 23. Qxg5 Bb7 24. Kf1 Ne4 25. Qe7 Qf2# 0-1

[Event "UK Armed Forces ch"]
[Site "Wittering"]
[Date "2023.04.14"]
[Round "2.26"]
[White "Johnston, Kieran"]
[Black "Dean, Nicholas"]
[Result "1-0"]
[WhiteElo "1396"]
[BlackElo "800"]
[PlyCount "95"]
[EventDate "2023.04.14"]
[EventType "swiss"]
[EventRounds "7"]
[EventCountry "ENG"]
[SourceVersionDate "2023.04.22"]

1. d4 d5 2. Bf4 Nc6 3. Nf3 Bf5 4. c3 e6 5. e3 Bd6 6. Bxd6 Qxd6 7. Nbd2 Nge7 8.
Nh4 O-O 9. Nxf5 Nxf5 10. Bd3 Rfe8 11. O-O b6 12. e4 Nfe7 13. e5 Qd8 14. f4 Ng6
15. Bb5 Qd7 16. Qg4 a6 17. Bd3 Qe7 18. f5 Qh4 19. Qxh4 Nxh4 20. g3 Nxf5 21.
Bxf5 exf5 22. Rxf5 Ne7 23. Rf2 c5 24. dxc5 bxc5 25. Nf3 Nc6 26. Re2 d4 27. c4
f6 28. e6 a5 29. Ne1 Rad8 30. Nd3 Nb4 31. Nxc5 d3 32. Rd2 Rc8 33. Ne4 Rxe6 34.
Nc3 Rxc4 35. a3 Nc2 36. Rc1 Rd4 37. Kf2 f5 38. Rcd1 Red6 39. Nb5 R6d5 40. Nxd4
Rxd4 41. Rxd3 Rxd3 42. Rxd3 g6 43. Rd8+ Kg7 44. Ra8 a4 45. Rxa4 h5 46. b4 Nd4
47. Ke3 Ne6 48. Ra7+ 1-0

[Event "UK Armed Forces ch"]
[Site "Wittering"]
[Date "2023.04.14"]
[Round "2.27"]
[White "Couchman, Amy"]
[Black "Brewer, Sam"]
[Result "0-1"]
[WhiteElo "487"]
[BlackElo "1389"]
[PlyCount "26"]
[EventDate "2023.04.14"]
[EventType "swiss"]
[EventRounds "7"]
[EventCountry "ENG"]
[SourceVersionDate "2023.04.22"]

1. e4 e5 2. f3 Nf6 3. c3 Bc5 4. d4 exd4 5. Bd3 Nc6 6. Bf4 O-O 7. Ne2 Re8 8. Nd2
d5 9. Qb3 dxe4 10. Bc2 exf3 11. Nxf3 d3 12. O-O-O Bf5 13. Nh4 Rxe2 0-1

[Event "UK Armed Forces ch"]
[Site "Wittering"]
[Date "2023.04.14"]
[Round "2.28"]
[White "Jennings, Jim"]
[Black "Opaleye, Toluwaniyi"]
[Result "1-0"]
[WhiteElo "1358"]
[BlackElo "718"]
[PlyCount "85"]
[EventDate "2023.04.14"]
[EventType "swiss"]
[EventRounds "7"]
[EventCountry "ENG"]
[SourceVersionDate "2023.04.22"]

1. e4 e5 2. Bc4 Nf6 3. d3 Nc6 4. c3 Bc5 5. Nf3 O-O 6. Be3 Bxe3 7. fxe3 d6 8.
Nbd2 Be6 9. O-O Bxc4 10. Nxc4 d5 11. exd5 Nxd5 12. e4 Nf4 13. Ncxe5 Nxe5 14.
Nxe5 Ng6 15. Rf5 Nxe5 16. Rxe5 Qf6 17. d4 Rad8 18. Rf5 Qb6 19. b4 g6 20. Qg4
Qd6 21. e5 Qd5 22. Rf6 b6 23. h4 h5 24. Qf3 c5 25. Qd3 cxd4 26. e6 fxe6 27.
Qxg6+ Kh8 28. Qh6+ Kg8 29. Rg6+ Kf7 30. Rf1+ Ke7 31. Qg7+ Kd6 32. Rxf8 Rxf8 33.
Qxf8+ Kc6 34. Qa8+ Kd6 35. Qb8+ Kc6 36. a4 dxc3 37. Qc8+ Kd6 38. Qxc3 Qd1+ 39.
Kh2 Qxa4 40. Qd4+ Kc6 41. Rxe6+ Kb7 42. Re7+ Kc6 43. Qd7# 1-0

[Event "UK Armed Forces ch"]
[Site "Wittering"]
[Date "2023.04.15"]
[Round "3.1"]
[White "Kelly, Richard"]
[Black "Onley, David E"]
[Result "0-1"]
[WhiteElo "1845"]
[BlackElo "2174"]
[Annotator "Thurlow, Kevin J"]
[PlyCount "120"]
[EventDate "2023.04.14"]
[EventType "swiss"]
[EventRounds "7"]
[EventCountry "ENG"]
[SourceVersionDate "2023.04.22"]

1. d4 f5 2. Nc3 Nf6 3. Bg5 c6 4. Bxf6 exf6 5. e4 fxe4 6. Nxe4 d5 7. Ng3 Bd6 8.
Bd3 Qe7+ 9. Qe2 Qxe2+ 10. N1xe2 O-O 11. O-O-O f5 12. f4 Be6 13. Nf1 Nd7 14. Nd2
Nf6 15. h3 Ne4 16. Rhf1 Rfe8 17. Nf3 Ng3 $1 18. Rfe1 (18. Nxg3 Bxf4+) 18...
Nxe2+ 19. Rxe2 Bxf4+ 20. Kb1 Bg3 21. Re3 Bf7 22. Rxe8+ Bxe8 23. Rd2 Bh5 24. Re2
Bxf3 25. gxf3 g6 26. Kc1 Kf7 27. Kd1 Kf6 28. Rg2 Bh4 29. f4 Ke6 30. Ke2 Kd6 31.
Kf3 Re8 32. Re2 Rxe2 33. Bxe2 b6 34. Ke3 c5 35. c3 c4 36. Bd1 b5 37. a4 a6 38.
axb5 axb5 39. Bc2 Kc6 40. Bd1 h6 41. Bc2 Kd6 42. Bb1 Ke6 43. Bc2 g5 44. fxg5
hxg5 45. Kf3 Be1 46. Ke2 Bg3 47. Kf3 Bf4 48. Ke2 g4 49. hxg4 fxg4 50. Bg6 Bc1
51. Bh5 g3 52. Bg4+ Kd6 53. Bf3 Bxb2 54. Kd2 b4 55. cxb4 Bxd4 56. Bg2 Be5 57.
Bf3 d4 58. Be4 Bf4+ 59. Kd1 Ke5 60. Bg2 d3 0-1